• 首页
  • 本馆介绍
  • 公告通知
  • 最新文献
  • 馆藏检索
  • 电子资源
  • 读者导购
  • 参考咨询
  • 我的图书馆
  • 登录
  • 详细信息显示
  • 放入我的书架
  • 预约/预借图书
  • 作者相关作品
  • 分类相关作品
  • 丛书相关作品
  • 出版社相关作品

书目信息

  • 表格格式
  • 工作单格式
  • 卡片格式
题名:
结构工程科学的未来
    
 
作者: ;全国结构工程科学的未来研讨会 编
分册:  
出版信息: 北京   清华大学出版社  1988.6
页数: 98页
开本: 20cm
丛书名:
单 册:
中图分类: TU3
科图分类:
主题词: 建筑结构
电子资源:
ISBN: 7-302-00269-X
000 00905nam0 2200241 45
001 0188012890
005 20060105142855.07
010    @a7-302-00269-X@dCNY1.20
020    @aCN@b88012890
100    @a19910417d1988 m y0chiy0120 ea
101 0  @achi
102    @aCN@b110000
105    @ay m 000yy
200 10 @a结构工程科学的未来@Ajie gou gong cheng ke xue de wei lai@e论文集@Elun wen ji@f全国结构工程科学的未来研讨会编@Fquan guo jie gou gong cheng ke xue de wei lai yan tao hui bian
210    @a北京@c清华大学出版社@d1988.6
215    @a98页@d20cm
300    @a国家自然科学基金委员会材料与工程学部委托召开
330    @a本书汇集了1987年全国结构工程科学的未来研讨会征集并宣读的21篇论文。
606 0  @a建筑结构
690    @aTU3
711  0 @a全国结构工程科学的未来研讨会@Aquan guo jie gou gong cheng ke xue de wei lai yan tao hui@4编
801  0 @aCN@bNLC@c20060105
905    @f1@b216264@dTU3@e134
    
    结构工程科学的未来:论文集/全国结构工程科学的未来研讨会编.-北京:清华大学出版社,1988.6
    98页;20cm
    国家自然科学基金委员会材料与工程学部委托召开
    
    ISBN 7-302-00269-X:CNY1.20
    本书汇集了1987年全国结构工程科学的未来研讨会征集并宣读的21篇论文。
●
相关链接 在E读中查询图书 在五车中查询图书 在当当中查询图书 在豆瓣中查询图书


正题名:结构工程科学的未来     索取号:TU3/134         预约/预借

序号 登录号 条形码 馆藏地/架位号 状态 备注
1 0216263   202186026   密集书库/ [索取号:TU3/134] 在馆    
2 0216264   001484600   第三借阅区/ [索取号:TU3/134] 在馆    
3 0216265   001484539   第二样本阅览室/ [索取号:TU3/134] 在馆    
唐山师范学院图书馆 欢迎您!
大连网信软件有限公司© 版权所有